| 000 | 00591nam a2200193 i 4500 | ||
|---|---|---|---|
| 001 | 62935 | ||
| 003 | ES-MaACL | ||
| 005 | 20251013212919.0 | ||
| 007 | t| | ||
| 008 | 031127s1971 sp |||| |bspa d | ||
| 080 | _a791.43Renoir, Jean | ||
| 100 | 1 |
_aFernández Cuenca, Carlos, _d1904-1977 _949611 |
|
| 245 | 1 | 0 |
_aHumanidad de Jean Renoir / _cCarlos Fernández Cuenca. |
| 260 |
_aValladolid : _b[s.n., _c1971] ( _fServer-Cuesta Imp.) |
||
| 300 |
_a64 p. : _bil. ; _c23 cm. |
||
| 600 | 1 | 4 |
_aRenoir, Jean, _d1922-1999 _996229 |
| 852 |
_aES-MaACL _jL-5667 |
||
| 999 |
_c62935 _d62935 |
||